[Event "Euro Online U2300 Day 1"]
[Site "chess.com INT"]
[Date "2020.05.25"]
[Round "5"]
[White "Stepanov, Artem"]
[Black "Aizenberg, Benny"]
[Result "0-1"]
[WhiteElo "1622"]
[BlackElo "2152"]
[WhiteFideId "34253769"]
[BlackFideId "2821125"]
[EventDate "2020.05.25"]

1. e4 c5 2. Nf3 e6 3. c3 Nf6 4. e5 Nd5 5. d4 cxd4 6. cxd4 b6 7. Nc3 Nxc3 8. bxc3
Qc7 9. Bd2 Bb7 10. Bd3 d6 11. exd6 Bxd6 12. O-O O-O 13. Bxh7+ Kxh7 14. Ng5+ Kg6
15. Qg4 f5 16. Qh3 Nd7 17. Qh7+ Kf6 18. Rae1 Rae8 19. Qh4 Rh8 20. Qxh8 Qc6 21.
Qh3 Nf8 22. f3 Ng6 23. Ne4+ fxe4 24. fxe4+ Ke7 25. d5 Bc5+ 26. Kh1 Qd6 27. Qg4
Rh8 28. h3 e5 29. Bg5+ Ke8 30. Rf5 Rf8 31. Ref1 Rxf5 32. exf5 Ne7 33. Bxe7 Qxe7
34. f6 gxf6 35. Qf5 Bxd5 36. Qxf6 Qxf6 37. Rxf6 e4 38. Rf5 Bxa2 39. Re5+ Kd7 40.
Rxe4 a5 41. g4 Bd5 42. g5 Bxe4+ 43. Kh2 a4 0-1

[Event "Euro Online U2300 Day 1"]
[Site "chess.com INT"]
[Date "2020.05.25"]
[Round "5"]
[White "Nemec, Jachym"]
[Black "Skuhala, Barbara"]
[Result "1-0"]
[BlackTitle "WFM"]
[WhiteElo "2110"]
[BlackElo "2095"]
[WhiteFideId "23716525"]
[BlackFideId "14605465"]
[EventDate "2020.05.25"]

1. e4 c5 2. Nf3 d6 3. d4 cxd4 4. Nxd4 Nf6 5. Nc3 a6 6. h3 e5 7. Nde2 Be7 8. g4
Be6 9. Bg2 Nc6 10. O-O O-O 11. Be3 Rc8 12. Ng3 Re8 13. g5 Nd7 14. h4 g6 15. Nd5
Na5 16. b3 b5 17. Qd2 Nc6 18. Rfd1 Bf8 19. Bf1 Bg4 20. Rdc1 Nd4 21. Bxd4 exd4
22. Bd3 Ne5 23. Qf4 Bg7 24. a4 b4 25. Bxa6 Ra8 26. Bb5 Re6 27. Rf1 h6 28. f3
hxg5 29. hxg5 Bh3 30. Rf2 d3 31. Rc1 dxc2 32. Rcxc2 Rc8 33. Rxc8 Qxc8 34. Kh2
Qc5 35. Re2 f6 36. gxf6 g5 37. Qe3 Qc8 38. Kxh3 Rxf6+ 39. Kg2 Rf7 40. Nf5 Qe6
41. Qxg5 Kh8 42. Kg3 Kg8 43. Rh2 1-0

[Event "Euro Online U2300 Day 1"]
[Site "chess.com INT"]
[Date "2020.05.25"]
[Round "5"]
[White "Marchenko, Anton"]
[Black "Gabriel, Josef"]
[Result "1-0"]
[WhiteElo "2103"]
[BlackElo "2046"]
[WhiteFideId "14118416"]
[BlackFideId "4609948"]
[EventDate "2020.05.25"]

1. e4 g6 2. d4 Bg7 3. Nc3 d6 4. f4 a6 5. Nf3 b5 6. Bd3 Nd7 7. e5 Bb7 8. O-O Nh6
9. Be4 Qc8 10. Qe2 O-O 11. a4 b4 12. Nd5 Bxd5 13. Bxd5 c6 14. Be4 d5 15. Bd3 e6
16. c3 bxc3 17. bxc3 c5 18. h3 Qc6 19. g4 Kh8 20. Bd2 Rfb8 21. a5 Bf8 22. Rfb1
cxd4 23. cxd4 Kg7 24. Rc1 Qb7 25. f5 exf5 26. gxf5 Ng8 27. e6 Ndf6 28. Ng5 fxe6
29. Rc7+ Qxc7 30. Nxe6+ Kh8 31. Nxc7 Ra7 32. Nxd5 Re8 33. Qf3 Rd7 34. Nxf6 Nxf6
35. Bg5 Nh5 36. fxg6 Bg7 37. Qxh5 Bxd4+ 38. Kh1 Bxa1 39. g7+ Rxg7 40. Qxe8+ Rg8
41. Qf7 Rg7 42. Bf6 Bxf6 43. Qxf6 h6 44. Qxh6+ Kg8 45. Bc4+ Kf8 46. Qf6+ Ke8 47.
Qxg7 1-0

[Event "Euro Online U2300 Day 1"]
[Site "chess.com INT"]
[Date "2020.05.25"]
[Round "5"]
[White "Levin, Guy"]
[Black "Laux, Dominik"]
[Result "0-1"]
[WhiteElo "2213"]
[BlackElo "2009"]
[WhiteFideId "2824213"]
[BlackFideId "12994219"]
[EventDate "2020.05.25"]

1. c4 c6 2. Nf3 d5 3. d4 Nf6 4. Qb3 dxc4 5. Qxc4 Bf5 6. Nc3 e6 7. Bg5 Be7 8. e3
Nbd7 9. Be2 O-O 10. O-O Rc8 11. Rad1 Bc2 12. a4 Bxd1 13. Rxd1 Qa5 14. e4 Nb6 15.
Qb3 Bb4 16. Bxf6 gxf6 17. Na2 Be7 18. Qe3 Rfd8 19. Qh6 Nxa4 20. e5 Nxb2 21. exf6
Bf8 22. Qh4 Nxd1 23. Bd3 h6 24. Qg4+ Kh8 25. h4 Rd5 26. Qe4 Rf5 27. Ne5 Qxa2 28.
Nxf7+ Kg8 29. Ne5 Qxf2+ 30. Kh1 Qf4 31. f7+ Kg7 32. Qe1 Nf2+ 33. Kg1 Nxd3 34.
Nxd3 Qxd4+ 35. Kh2 Qxd3 36. Qxe6 Qd6+ 0-1

[Event "Euro Online U2300 Day 1"]
[Site "chess.com INT"]
[Date "2020.05.25"]
[Round "5"]
[White "Burdalev, Kirill"]
[Black "Schlegel, Igor"]
[Result "1-0"]
[WhiteTitle "FM"]
[WhiteElo "2394"]
[BlackElo "2027"]
[WhiteFideId "14121913"]
[BlackFideId "1334956"]
[EventDate "2020.05.25"]

1. d4 Nf6 2. Nf3 g6 3. c4 Bg7 4. g3 O-O 5. Bg2 d6 6. Nc3 Nc6 7. O-O e5 8. dxe5
Nxe5 9. Nxe5 dxe5 10. Qxd8 Rxd8 11. Bg5 Rd7 12. Rfd1 c6 13. Na4 Rxd1+ 14. Rxd1
Be6 15. Nc5 Bxc4 16. Nxb7 Bxe2 17. Rd6 Nd5 18. Rxc6 Nb4 19. Rc7 Nxa2 20. Bd5 Nb4
21. Bxf7+ Kh8 22. Nd6 Bf3 23. Bc4 Bd5 24. Bd2 Bxc4 25. Rxc4 Nd3 26. Bc3 e4 27.
Nxe4 Nxb2 28. Bxg7+ Kxg7 29. Rc7+ Kh6 30. h4 a5 31. Ng5 Kh5 32. Rxh7+ Kg4 33.
Rf7 Nd3 34. Kh2 Rh8 35. f3+ Kh5 36. Ra7 1-0

[Event "Euro Online U2300 Day 1"]
[Site "chess.com INT"]
[Date "2020.05.25"]
[Round "5"]
[White "Arias Igual, Alejandro"]
[Black "Asgeirsson, Heimir"]
[Result "1-0"]
[WhiteTitle "FM"]
[WhiteElo "2214"]
[BlackElo "2204"]
[WhiteFideId "2254905"]
[BlackFideId "2301083"]
[EventDate "2020.05.25"]

1. d4 Nf6 2. Bf4 d5 3. e3 c5 4. c3 Nc6 5. Nd2 Bf5 6. Qb3 Qd7 7. Bb5 c4 8. Qa4 a6
9. Ngf3 Qc8 10. Bxc6+ Qxc6 11. Qxc6+ bxc6 12. b3 cxb3 13. axb3 e6 14. Ne5 c5 15.
O-O Nh5 16. Ra2 Nxf4 17. exf4 cxd4 18. cxd4 f6 19. g4 fxe5 20. gxf5 e4 21. fxe6
Bb4 22. Rc1 Ke7 23. Nf1 g6 24. Rc6 a5 25. Ne3 Rad8 26. f5 Rhf8 27. Rc7+ Kf6 28.
Rac2 gxf5 29. R2c6 Be7 30. Rd7 Rxd7 31. exd7+ Kf7 32. Nxd5 Bd8 33. Kf1 Rg8 34.
Ke2 Rg6 35. Rc8 Rg8 36. Rc6 Rg7 37. Ke3 Rg6 38. Rc8 Rg8 39. Ra8 Ke6 40. Nb6 Re8
41. dxe8=Q+ 1-0

[Event "Euro Online U2300 Day 1"]
[Site "chess.com INT"]
[Date "2020.05.25"]
[Round "5"]
[White "Rama, Lorenc"]
[Black "Exler, Veronika"]
[Result "1-0"]
[WhiteTitle "FM"]
[BlackTitle "WIM"]
[WhiteElo "2212"]
[BlackElo "2155"]
[WhiteFideId "4700171"]
[BlackFideId "1620550"]
[EventDate "2020.05.25"]

1. Nf3 d5 2. d4 Nf6 3. c4 e6 4. Nc3 Bb4 5. Bg5 h6 6. Bxf6 Qxf6 7. e3 O-O 8. Bd3
dxc4 9. Bxc4 c5 10. O-O Bxc3 11. bxc3 Nc6 12. Qe2 b6 13. Rab1 cxd4 14. cxd4 Bb7
15. Rfc1 Na5 16. Ba6 Qe7 17. Ne5 Rac8 18. Bd3 Qa3 19. Qd2 Bd5 20. Ba6 Nb7 21.
Bc4 Bxc4 22. Nxc4 Qa6 23. Ne5 Nd6 24. f3 Qa3 25. Nc6 Kh8 26. e4 Qa4 27. d5 Nc4
28. Qd4 exd5 29. exd5 b5 30. Qxa7 Qxa7+ 31. Nxa7 Rc5 32. Rxb5 Rxb5 33. Nxb5 Ne3
34. d6 Rd8 35. a4 Nf5 36. Rd1 Kg8 37. a5 Kf8 38. a6 Ke8 39. Nc7+ Kd7 40. a7 Nxd6
41. a8=Q Rxa8 42. Nxa8 1-0

[Event "Euro Online U2300 Day 1"]
[Site "chess.com INT"]
[Date "2020.05.25"]
[Round "5"]
[White "Polczyk, Mikolaj"]
[Black "Razafindratsima, Timothe"]
[Result "1-0"]
[BlackTitle "FM"]
[WhiteElo "2118"]
[BlackElo "2336"]
[WhiteFideId "1183494"]
[BlackFideId "36069884"]
[EventDate "2020.05.25"]

1. d4 Nf6 2. c4 g6 3. Nf3 Bg7 4. Nc3 d5 5. h4 h5 6. cxd5 Nxd5 7. e4 Nxc3 8. bxc3
c5 9. Be3 Nc6 10. Be2 Qa5 11. O-O Bg4 12. Rc1 O-O 13. d5 Bxf3 14. Bxf3 Ne5 15.
Be2 Nd7 16. Qb3 Qc7 17. f4 c4 18. Bxc4 Rac8 19. Bd3 Nc5 20. Qb5 a6 21. Qxc5 Qxc5
22. Bxc5 Rxc5 23. c4 Bd4+ 24. Kh2 Rfc8 25. Rb1 R8c7 26. Rb3 Ra5 27. a3 f6 28.
Rfb1 b6 29. Kg3 Kf7 30. Kf3 e6 31. g4 hxg4+ 32. Kxg4 f5+ 33. Kf3 exd5 34. exd5
Re7 35. Bf1 Kf6 36. Rd3 Bc5 37. Rbb3 Re1 38. Be2 Ke7 39. d6+ Kd7 40. Rb2 Rh1 41.
Kg3 Ra4 42. Bf3 Rg1+ 43. Kh2 Rxc4 44. Bc6+ Kxc6 45. d7 Rcc1 46. d8=Q Rh1+ 47.
Kg2 Rcg1+ 48. Kf3 Rh3+ 49. Ke2 Rh2+ 50. Kf3 Rf1+ 51. Kg3 Rh3+ 52. Kxh3 Rh1+ 53.
Kg2 Rg1+ 54. Kh2 b5 55. Qd7+ Kb6 56. Rd6+ Ka5 57. Qc7+ Ka4 58. Qxc5 a5 59. Qxb5+ 1-0

[Event "Euro Online U2300 Day 1"]
[Site "chess.com INT"]
[Date "2020.05.25"]
[Round "5"]
[White "Lymar, Vladislav"]
[Black "Antonica, Dragos-Andrei"]
[Result "0-1"]
[BlackTitle "FM"]
[WhiteElo "2159"]
[BlackElo "2301"]
[WhiteFideId "14162180"]
[BlackFideId "1246372"]
[EventDate "2020.05.25"]

1. e4 e6 2. d4 d5 3. Nd2 c5 4. exd5 exd5 5. Ngf3 Nc6 6. Bb5 Qe7+ 7. Be2 Qc7 8.
O-O Nf6 9. h3 cxd4 10. Nb3 Bd6 11. Nbxd4 a6 12. c3 O-O 13. Bd3 Re8 14. Qc2 Bd7
15. Be3 Ne4 16. Rfe1 Ne5 17. Nxe5 Bxe5 18. Nf3 Bf6 19. Bd4 Qf4 20. Bxf6 Qxf6 21.
Nd4 Qg5 22. Re3 f5 23. c4 f4 24. Rf3 Qh6 25. Bf1 Rac8 26. Rd1 Kh8 27. b3 Rf8 28.
Ne2 Bf5 29. Rxf4 dxc4 30. bxc4 Nxf2 31. Rxf5 Nxd1 32. Rxf8+ Rxf8 33. Qxd1 Qe3+
34. Kh1 Qf2 35. Ng3 Qxg3 36. Be2 Re8 0-1

[Event "Euro Online U2300 Day 1"]
[Site "chess.com INT"]
[Date "2020.05.25"]
[Round "5"]
[White "Khalafova, Narmin"]
[Black "Brilej, Jaka"]
[Result "1-0"]
[WhiteTitle "WGM"]
[BlackTitle "CM"]
[WhiteElo "2279"]
[BlackElo "2228"]
[WhiteFideId "13402625"]
[BlackFideId "14618818"]
[EventDate "2020.05.25"]

1. e4 c5 2. Be2 Nc6 3. f4 g6 4. Nf3 Bg7 5. O-O d6 6. c3 Nf6 7. d3 O-O 8. Qe1 e6
9. Nbd2 Rb8 10. Qh4 Nd7 11. Qh3 b5 12. Ng5 h6 13. Nxe6 fxe6 14. Qxe6+ Kh7 15.
Qxd6 Rf6 16. Qd5 Ne7 17. Qb3 c4 18. dxc4 bxc4 19. Qc2 Nb6 20. Nxc4 Nxc4 21. Bxc4
Qc7 22. Bd3 Ba6 23. Bxa6 Rxa6 24. Be3 Qb7 25. b3 Re6 26. e5 Nf5 27. Bf2 h5 28.
Rad1 h4 29. c4 Rf8 30. Qd3 Rf7 31. Qd5 Qc8 32. Qd8 Qc6 33. Qd5 Qc8 34. Rfe1 Ne7
35. Qe4 Bh6 36. g3 Qf8 37. Rd6 hxg3 38. hxg3 Rxd6 39. exd6 Nf5 40. c5 Ng7 41.
Kg2 Nh5 42. Qe8 Qg7 43. Re7 Rxe7 44. Qxe7 Qxe7 45. dxe7 Nf6 46. c6 Ne8 47. Bxa7
g5 48. Bb6 gxf4 1-0

[Event "Euro Online U2300 Day 1"]
[Site "chess.com INT"]
[Date "2020.05.25"]
[Round "5"]
[White "Lund, Terje"]
[Black "Fernandez Madrid, Carlos"]
[Result "1/2-1/2"]
[BlackTitle "CM"]
[WhiteElo "2104"]
[BlackElo "2118"]
[WhiteFideId "1504754"]
[BlackFideId "2206030"]
[EventDate "2020.05.25"]

1. d4 Nf6 2. c4 c5 3. Nf3 cxd4 4. Nxd4 g6 5. Nc3 Bg7 6. g3 O-O 7. Bg2 Nc6 8. Nc2
d6 9. O-O Bg4 10. Rb1 Qc8 11. Re1 Bh3 12. Bh1 Ne5 13. b3 Rb8 14. Bb2 Qg4 15. Ne3
Qh5 16. Ncd5 Nxd5 17. Nxd5 Rfe8 18. Nf4 Qh6 19. Nxh3 Qxh3 20. Bg2 Qh5 21. h3 b5
22. f4 Nd7 23. Bxg7 Kxg7 24. cxb5 Qc5+ 25. Kh2 Rxb5 26. Rc1 Qb6 27. Rc6 Qe3 28.
Qc1 Qxc1 29. Rexc1 Ra5 30. R1c2 Nf6 31. Rc7 e5 32. e3 exf4 33. exf4 Re3 34. Rb7
Ne4 35. Bxe4 Rxe4 36. a4 Re3 37. Rd2 Rc5 38. Rxa7 Rxb3 39. Rd7 Rcc3 40. Rg2 Rd3
41. a5 Ra3 42. Ra7 d5 43. a6 d4 44. h4 h5 45. Ra8 Rdb3 46. a7 Rb7 47. Rd2 d3 48.
Rd8 Raxa7 49. R8xd3 Rb1 50. Kg2 Raa1 51. Rf2 Rg1+ 52. Kf3 Rab1 53. Rc3 Rb7 54.
Rd3 Rgb1 55. Rc3 R7b3 56. Rxb3 Rxb3+ 57. Kg2 Kf6 58. Re2 Rb5 59. Kf3 Kf5 60. Re3
f6 61. Ra3 g5 62. fxg5 fxg5 63. hxg5 Kxg5 64. Rc3 Rf5+ 65. Kg2 Rb5 66. Rc2 h4
67. gxh4+ Kxh4 68. Rc4+ Kg5 69. Rc2 1/2-1/2

[Event "Euro Online U2300 Day 1"]
[Site "chess.com INT"]
[Date "2020.05.25"]
[Round "5"]
[White "Gadimbayli, Abdulla"]
[Black "Mirimanian, Hayk"]
[Result "1-0"]
[WhiteTitle "IM"]
[BlackTitle "FM"]
[WhiteElo "2470"]
[BlackElo "2268"]
[WhiteFideId "13404938"]
[BlackFideId "4700180"]
[EventDate "2020.05.25"]

1. e4 c5 2. Nf3 e6 3. d4 cxd4 4. Nxd4 Nf6 5. Nc3 Nc6 6. Nxc6 bxc6 7. g3 d5 8.
Bg2 Ba6 9. Bf1 Qc8 10. Bg5 Bb4 11. Bxf6 gxf6 12. Qd4 Be7 13. exd5 Bxf1 14. Kxf1
cxd5 15. Re1 Qb7 16. Kg1 Rc8 17. Rb1 Rc4 18. Qd3 O-O 19. h4 Rfc8 20. Kh2 d4 21.
Ne2 Rxc2 22. Rhd1 e5 23. Qf5 Rxe2 24. Qg4+ Kf8 25. Qxe2 Qd5 26. Rbc1 Rd8 27. b3
e4 28. Rc4 Bc5 29. Qg4 Bb6 30. Rdc1 h5 31. Qf4 Kg7 32. a4 Qe5 33. Qxe5 fxe5 34.
b4 Rd7 35. a5 Bd8 36. Re1 f5 37. Rc5 Kf6 38. Rc6+ Kf7 39. Kg2 d3 40. Kf1 f4 41.
gxf4 exf4 42. Rc4 Bxh4 43. Rcxe4 Bg5 44. f3 Kg6 45. Rd1 Kf5 46. Rc4 Bf6 47. Rc5+
Kg6 48. b5 h4 49. b6 axb6 50. axb6 h3 51. Rb5 Bd4 52. b7 h2 53. Kg2 Ba7 54. b8=Q
Bxb8 55. Rxb8 Kf5 1-0

[Event "Euro Online U2300 Day 1"]
[Site "chess.com INT"]
[Date "2020.05.25"]
[Round "5"]
[White "Kollar, Romain"]
[Black "Stamos, Filippos"]
[Result "0-1"]
[WhiteElo "2205"]
[BlackElo "2152"]
[WhiteFideId "36017981"]
[BlackFideId "4242807"]
[EventDate "2020.05.25"]

1. e4 c5 2. Nf3 d6 3. d4 cxd4 4. Nxd4 Nf6 5. Nc3 Nc6 6. f3 e5 7. Nb3 Be7 8. Be3
Be6 9. Nd5 O-O 10. c4 a5 11. a4 Bxd5 12. cxd5 Nb4 13. Bb5 Rc8 14. Rc1 Rxc1 15.
Qxc1 Qa8 16. O-O Rc8 17. Qb1 Bd8 18. Rc1 Kf8 19. Nd2 Ke7 20. Nc4 Nd7 21. f4 f6
22. fxe5 Nxe5 23. Nb6 Bxb6 24. Bxb6 Nbd3 25. Rxc8 Qxc8 26. Bxd3 Nxd3 27. Qxd3
Qc1+ 28. Qf1 Qxb2 29. Bxa5 Qd4+ 30. Kh1 Qxa4 31. Qe1 Qc4 32. h3 b5 33. Bd2 Kf7
34. h4 h5 35. Kh2 Kg6 36. Qg3+ Kh7 37. Qf3 Kg8 38. Bf4 Qb4 39. Qxh5 Qxe4 40.
Qe8+ Qxe8 0-1

[Event "Euro Online U2300 Day 1"]
[Site "chess.com INT"]
[Date "2020.05.25"]
[Round "5"]
[White "Bayramov, Zaur"]
[Black "Kalogeris, Ioannis"]
[Result "1/2-1/2"]
[WhiteTitle "FM"]
[BlackTitle "FM"]
[WhiteElo "2357"]
[BlackElo "2312"]
[WhiteFideId "13405080"]
[BlackFideId "4239563"]
[EventDate "2020.05.25"]

1. c4 c5 2. Nc3 Nc6 3. g3 g6 4. Bg2 Bg7 5. d3 e5 6. Nf3 Nge7 7. O-O O-O 8. Rb1
d6 9. a3 a5 10. Ne1 Be6 11. Nd5 a4 12. Nc3 Qa5 13. Nc2 Nd4 14. Nxd4 cxd4 15. Ne4
d5 16. Ng5 Bc8 17. Bd2 Qd8 18. cxd5 Nxd5 19. Ne4 Ra7 20. Nc5 b5 21. Rc1 h6 22.
b3 Qd6 23. bxa4 bxa4 24. Nxa4 Bg4 25. Rc4 Rb8 26. Re1 Be6 27. Qc2 Qxa3 28. Nc5
Nb6 29. Nxe6 Nxc4 30. Qxc4 Qa2 31. Qc1 fxe6 32. Bxh6 Qa5 33. Bxg7 Kxg7 34. Rf1
Qd8 35. Be4 Rc7 36. Qa3 Qe7 37. Qa5 Qc5 38. Qa2 Qd6 39. Kg2 g5 40. Rb1 Rxb1 41.
Qxb1 Rf7 42. Qb5 Kf6 43. Qe8 Qf8 44. Qc6 Qe7 45. g4 Kg7 46. h3 Kf6 47. Qa8 Kg7
48. Bf3 Kf6 49. Qh8+ Rg7 50. Be4 Kf7 51. Qh6 Qf6 52. Qh5+ Ke7 53. Qh8 Qf8 54.
Qh6 Qf6 55. Qh5 Qf7 56. Qh8 Qf8 57. Qh5 Qf7 58. Qh6 Qf6 59. Qh5 Qf7 1/2-1/2

[Event "Euro Online U2300 Day 1"]
[Site "chess.com INT"]
[Date "2020.05.25"]
[Round "5"]
[White "Tereladze, Sopiko"]
[Black "Martian, Dragos-Daniel"]
[Result "1-0"]
[WhiteTitle "WIM"]
[WhiteElo "2141"]
[BlackElo "2241"]
[WhiteFideId "13600486"]
[BlackFideId "1203606"]
[EventDate "2020.05.25"]

1. e4 c5 2. Nf3 e6 3. Qe2 a6 4. g3 Nc6 5. Bg2 d6 6. O-O Nf6 7. c3 e5 8. d4 cxd4
9. cxd4 Bg4 10. d5 Nd4 11. Qd3 Bxf3 12. Bxf3 Rc8 13. Nc3 Qb6 14. Bg2 Be7 15. Rb1
O-O 16. Be3 Ng4 17. Bxd4 exd4 18. Ne2 Bf6 19. Rfd1 Ne5 20. Qb3 Qa7 21. Nxd4 Ng4
22. Qd3 Ne5 23. Qe2 Rc4 24. Nf5 Qc5 25. Ne3 Rd4 26. Rxd4 Qxd4 27. Nf5 Qc5 28.
Qe3 Qc2 29. Qc1 Qe2 30. Qd1 Qxd1+ 31. Rxd1 Rd8 32. b3 g6 33. Ne3 Rc8 34. f4 Nd7
35. g4 b5 36. g5 Bd8 37. Bh3 Bb6 38. Kg2 Bxe3 39. Bxd7 Rc7 40. Kf3 Rc3 41. Kg4
Rc2 42. Rf1 Rxh2 43. a4 bxa4 44. bxa4 a5 45. Re1 Bd2 46. Rd1 Bb4 47. Rc1 h5+ 48.
gxh6 Rxh6 49. e5 dxe5 50. fxe5 1-0

[Event "Euro Online U2300 Day 1"]
[Site "chess.com INT"]
[Date "2020.05.25"]
[Round "5"]
[White "Havelka, Ondrej"]
[Black "Sjoberg, Isak"]
[Result "0-1"]
[WhiteElo "2140"]
[BlackElo "2189"]
[WhiteFideId "349526"]
[BlackFideId "1521640"]
[EventDate "2020.05.25"]

1. d4 Nf6 2. c4 g6 3. Nc3 Bg7 4. e4 O-O 5. f3 d6 6. Be3 c5 7. Nge2 Nc6 8. d5 Ne5
9. Ng3 h5 10. Be2 e6 11. O-O exd5 12. cxd5 a6 13. a4 Bd7 14. h3 h4 15. Nh1 b5
16. axb5 axb5 17. Rxa8 Qxa8 18. Nxb5 Bxb5 19. Bxb5 Rb8 20. f4 Ned7 21. Bc6 Qa2
22. e5 Rxb2 23. Nf2 dxe5 24. fxe5 Nxe5 25. Bxc5 Ne4 26. Bd4 Rd2 27. Qa1 Nxf2 28.
Qxa2 Nxh3+ 29. gxh3 Rxa2 30. Be8 Ra8 31. Bxe5 Rxe8 32. Bxg7 Kxg7 33. Rf4 g5 34.
Ra4 Rd8 35. Ra5 f5 36. Kf2 Kf6 37. Ke3 Ke5 38. Ra6 Rxd5 39. Rg6 f4+ 40. Ke2 Kf5
41. Rg8 Rd6 42. Rf8+ Rf6 43. Rg8 Rf7 44. Kf3 Rf6 45. Kf2 Ra6 46. Rf8+ Kg6 47.
Rg8+ Kf6 48. Rf8+ Kg7 49. Rb8 Ra3 50. Kg2 Rg3+ 51. Kh2 f3 52. Rb7+ Kg6 53. Rb6+
Kh5 54. Rb2 Kg6 55. Rb6+ Kf5 56. Rb5+ Ke4 57. Rb4+ Ke3 58. Rb3+ Kd4 59. Rb2 Kc3
60. Ra2 Kd4 61. Ra4+ Ke5 62. Ra5+ Kf4 63. Ra4+ Kf5 64. Ra5+ Kg6 65. Ra6+ Kh5 66.
Ra2 Rg2+ 67. Rxg2 fxg2 68. Kxg2 Kg6 69. Kg1 Kf5 70. Kf1 Ke5 71. Ke1 Kd5 72. Kf2
Kd4 73. Kf3 Ke5 74. Ke3 Kf6 75. Kf3 Kf5 76. Kg2 Ke4 77. Kf2 Kf4 78. Kg2 Ke3 79.
Kg1 Kf3 80. Kh2 Kf2 81. Kh1 Kg3 82. Kg1 Kxh3 83. Kh1 g4 84. Kg1 Kg3 85. Kh1 Kf3
86. Kg1 g3 87. Kh1 g2+ 88. Kg1 h3 89. Kh2 Kf2 90. Kxh3 g1=Q 91. Kh4 Kf3 92. Kh5
Kf4 93. Kh6 Kf5 94. Kh7 Kf6 95. Kh8 Qg7# 0-1

[Event "Euro Online U2300 Day 1"]
[Site "chess.com INT"]
[Date "2020.05.25"]
[Round "5"]
[White "Yelisieiev, Yevhenii"]
[Black "Horak, Jiri1"]
[Result "1-0"]
[WhiteTitle "IM"]
[WhiteElo "2407"]
[BlackElo "2176"]
[WhiteFideId "14139642"]
[BlackFideId "303330"]
[EventDate "2020.05.25"]

1. d4 d5 2. Nf3 Nf6 3. c4 e6 4. Nc3 Be7 5. Bg5 O-O 6. e3 c6 7. Qc2 Nbd7 8. Rd1
Re8 9. Bd3 dxc4 10. Bxc4 b5 11. Be2 Bb7 12. e4 b4 13. Na4 Qa5 14. O-O c5 15. e5
Be4 16. Bd3 Bxd3 17. Rxd3 c4 18. Rdd1 Nd5 19. Bxe7 Nxe7 20. Ng5 Ng6 21. Ne4 Rec8
22. f4 Qd5 23. Nac5 Nb6 24. f5 exf5 25. Nd6 Rxc5 26. dxc5 Qxc5+ 27. Kh1 Qxe5 28.
Nxc4 Qc5 29. b3 f4 30. Qe4 Rb8 31. Nd6 a5 32. Nf5 h6 33. Rc1 Qe5 34. Qxe5 Nxe5
35. Rc5 Nd3 36. Rxa5 g5 37. Nxh6+ Kh7 38. Nxf7 g4 39. Ne5 Nxe5 40. Rxe5 Rd8 41.
Re4 Nd5 42. Rd4 1-0

[Event "Euro Online U2300 Day 1"]
[Site "chess.com INT"]
[Date "2020.05.25"]
[Round "5"]
[White "Grutter, Tim"]
[Black "Vashchilov, Sergey"]
[Result "0-1"]
[WhiteElo "2253"]
[BlackElo "2176"]
[WhiteFideId "1057472"]
[BlackFideId "13506676"]
[EventDate "2020.05.25"]

1. c4 e6 2. Nf3 d5 3. g3 Nf6 4. Bg2 Be7 5. O-O O-O 6. b3 c6 7. Bb2 b5 8. d3 a5
9. a4 bxc4 10. bxc4 Na6 11. cxd5 cxd5 12. Nc3 Bd7 13. Ne5 Rb8 14. Nxd7 Nxd7 15.
Nb5 Nc7 16. Nxc7 Rxb2 17. Nb5 Bf6 18. Rb1 Rb4 19. Rxb4 axb4 20. Qb3 Qa5 21. Rb1
Be7 22. Nd4 Rc8 23. Bh3 Rc3 24. Qd1 Nb6 25. e3 g6 26. Qf3 e5 27. Nf5 Bf8 28. d4
Nc4 29. Qg4 b3 30. dxe5 Nxe5 31. Qf4 Nd3 32. Qb8 b2 33. Rxb2 Rc1+ 34. Kg2 gxf5
35. Rb7 Ne1+ 36. Kg1 Nf3+ 37. Kg2 Ng5 38. Bxf5 Qe1 39. Bxh7+ Kxh7 0-1

[Event "Euro Online U2300 Day 1"]
[Site "chess.com INT"]
[Date "2020.05.25"]
[Round "5"]
[White "Nur-Mukhametova, Alisa"]
[Black "Gottstein, Claudius-Thomas"]
[Result "1-0"]
[WhiteElo "2262"]
[BlackElo "2113"]
[WhiteFideId "54117739"]
[BlackFideId "4653327"]
[EventDate "2020.05.25"]

1. Nf3 g6 2. e4 Nf6 3. e5 Nd5 4. d4 d6 5. Be2 dxe5 6. Nxe5 Bg7 7. O-O O-O 8. Re1
c5 9. c3 cxd4 10. cxd4 Nc6 11. Nxc6 bxc6 12. Nc3 Qb6 13. Nxd5 cxd5 14. Be3 Qxb2
15. Bf3 e6 16. Qa4 Rb8 17. h3 Qb4 18. Qxa7 Rb7 19. Qa6 Bxd4 20. a3 Qb2 21. Bxd4
Qxd4 22. Rad1 Qa7 23. Qd3 Rb2 24. Re2 Ba6 25. Qe3 Qxe3 26. Rxe3 Ra8 27. Rc1 Bc4
28. Rxc4 Ra2 29. Rcc3 Rb8 30. Rcd3 Rbb2 31. Rb3 Rxf2 32. Rb8+ Kg7 33. Rb7 Kf6
34. Rc3 Rfc2 35. Rxc2 Rxc2 36. a4 Ra2 37. Ra7 h5 38. h4 Ke5 39. Kf1 f5 40. Ke1
Kf4 41. Kd1 d4 42. Kc1 e5 43. Kb1 Ra3 44. Kb2 Rc3 45. Rd7 Rc5 46. Rd5 Rc7 47. a5
Re7 48. a6 Ke3 49. Ra5 e4 50. a7 Rxa7 51. Rxa7 exf3 52. gxf3 Kxf3 53. Kc2 Kg4
54. Rg7 Kxh4 55. Rxg6 Kh3 56. Kd3 h4 57. Kxd4 Kh2 58. Ke3 h3 59. Kf2 Kh1 60. Kg3
h2 61. Kf2 f4 62. Ra6 f3 63. Ra1# 1-0

[Event "Euro Online U2300 Day 1"]
[Site "chess.com INT"]
[Date "2020.05.25"]
[Round "5"]
[White "Bozanic, Ivica"]
[Black "Novikova, Galina"]
[Result "1-0"]
[WhiteTitle "FM"]
[BlackTitle "WFM"]
[WhiteElo "2162"]
[BlackElo "2073"]
[WhiteFideId "14501414"]
[BlackFideId "4157095"]
[EventDate "2020.05.25"]

1. e4 e6 2. d4 d5 3. Nc3 Bb4 4. Ne2 Nc6 5. a3 Ba5 6. b4 Bb6 7. e5 f6 8. Na4 fxe5
9. Nxb6 axb6 10. dxe5 Nxe5 11. Bb2 Qf6 12. Rb1 Nh6 13. f4 Nhg4 14. Bxe5 Nxe5 15.
fxe5 Qxe5 16. Qd4 Qg5 17. h4 Qe7 18. Rb3 Kf8 19. Rf3+ Ke8 20. Rhh3 c6 21. Qe5
Bd7 22. Rf4 Rf8 23. Rhf3 Rxf4 24. Nxf4 Qxh4+ 25. g3 Qe7 26. Kf2 c5 27. Nh5 cxb4
28. axb4 Ra2 29. Bd3 Qxb4 30. Kg2 Kd8 31. Qxg7 Qd2+ 32. Rf2 Qe3 33. Nf6 Bc6 34.
Re2 d4+ 35. Kh3 Qg1 36. Qg8+ Kc7 37. Qxe6 Qh1+ 38. Kg4 Bf3+ 39. Kf4 Bxe2 40.
Qxe2 Ra1 41. Qe5+ Kc8 42. Bf5+ Kd8 43. Qd6# 1-0